Cost accounting planning and control (Record no. 3541)
[ view plain ]
| 000 -LEADER | |
|---|---|
| fixed length control field | 00502nam a2200193Ia 4500 |
| 001 - CONTROL NUMBER | |
| control field | 3293 |
| 008 - FIXED-LENGTH DATA ELEMENTS--GENERAL INFORMATION | |
| fixed length control field | 140317s9999 xx 000 0 und d |
| 040 ## - CATALOGING SOURCE | |
| Transcribing agency | PK-LaUMT |
| 082 ## - DEWEY DECIMAL CLASSIFICATION NUMBER | |
| Classification number | 657.42 |
| Item number | MAT-C |
| 100 ## - MAIN ENTRY--PERSONAL NAME | |
| Personal name | Matz, Adolph |
| 245 ## - TITLE STATEMENT | |
| Title | Cost accounting planning and control |
| Statement of responsibility, etc | Matz, Adolph<>Usry, Milton F. |
| 250 ## - EDITION STATEMENT | |
| Edition statement | 7th |
| 260 ## - PUBLICATION, DISTRIBUTION, ETC. (IMPRINT) | |
| Place of publication, distribution, etc | Cincinnati: |
| Name of publisher, distributor, etc | South-Western Publishing Co., |
| Date of publication, distribution, etc | 1993 |
| 300 ## - PHYSICAL DESCRIPTION | |
| Extent | 880 p. |
| 546 ## - LANGUAGE NOTE | |
| Language note | EN |
| 650 ## - SUBJECT ADDED ENTRY--TOPICAL TERM | |
| Topical term or geographic name as entry element | Cost accounting |
| 700 ## - ADDED ENTRY--PERSONAL NAME | |
| Personal name | Usry, Milton F. |
| 942 ## - ADDED ENTRY ELEMENTS (KOHA) | |
| Koha item type | Books |
| Withdrawn status | Lost status | Source of classification or shelving scheme | Damaged status | Not for loan | Home library | Current library | Date acquired | Total Checkouts | Full call number | Barcode | Date last seen | Price effective from | Koha item type | Checked out | Date checked out |
|---|---|---|---|---|---|---|---|---|---|---|---|---|---|---|---|
| Dewey Decimal Classification | UMT Main Campus | UMT Main Campus | 2014-03-17 | 657.42 MAT-C | 4239 | 2014-03-17 | 2014-03-17 | Books | |||||||
| Dewey Decimal Classification | UMT Main Campus | UMT Main Campus | 2014-05-30 | 657.42 MAT-C | 4240 | 2014-05-30 | 2014-05-30 | Books | |||||||
| Dewey Decimal Classification | UMT Main Campus | UMT Main Campus | 2014-05-30 | 1 | 657.42 MAT-C | 4242 | 2019-12-16 | 2014-05-30 | Books | 2019-12-30 | 2019-12-16 | ||||
| Dewey Decimal Classification | UMT Main Campus | UMT Main Campus | 2014-05-30 | 1 | 657.42 MAT-C | 24511 | 2019-12-13 | 2014-05-30 | Books | 2019-12-27 | 2019-12-13 |
